Statistics for Super Smash Bros. games

Click here to take the quiz!

General Stats

  • This quiz has been taken 16 times
  • The average score is 5 of 6

Answer Stats

Release dateAnswer% Correct
1999Super Smash Bros.
100%
2014Super Smash Bros. for Wii U
85%
2018Super Smash Bros. Ultimate
85%
2014Super Smash Bros. for Nintendo 3DS
77%
2001Super Smash Bros. Melee
77%
2008Super Smash Bros. Brawl
69%

Score Distribution

Percentile by Number Answered

Percent of People with Each Score

Your Score History

You have not taken this quiz